000 00665nas a2200241 4500
001 BR9508756
003 BR-BrBNA
005 20231205094527.0
007 ta
008 230509b bl.|||p| |||| 00| 00por d
040 _aBR-BrBNA
_bpor
_cBiblioteca Nacional de Agricultura
041 _a(Pt)
072 _aE70
100 1 _aCanabarro, M.
245 1 _aImportacao prejudica mercado de ervilhas
650 _aErvilha
650 _aImportacao
650 _aAlfandega
650 _aRio Grande do Sul
773 0 _tAgricultura de Hoje (Brazil)
_x
_g(Dec. 1977), v. 3(32) p. 42-43
_wBR9508756
909 _a202311
_bLúcia
_c55
_dLúcia Elande
942 _2AGRIS
_n0
_cANA
999 _c144977
_d144977